Between East and West : a history of the Jews of North Africa /

Uloženo v:
Podrobná bibliografie
Hlavní autor: Chouraqui, André, 1917-
Médium: Kniha
Jazyk:English
Vydáno: New York : Atheneum, 1973, c1968.
Edice:A Temple book
Témata:
LEADER 01075nam a2200289 a 4500
001 c000192718
003 CARM
005 20021125001600.0
008 831130c19731968nyu b 00110 eng d
019 1 |a 2971229  |5 LACONCORD2021 
035 |a (OCoLC)8657401  |5 LACONCORD2021 
040 |a NUN  |c NUN 
041 1 |a engfre 
043 |a ff----- 
082 1 |a 909.04/924/061  |2 19 
100 1 |a Chouraqui, André,  |d 1917- 
245 1 0 |a Between East and West :  |b a history of the Jews of North Africa /  |c André N. Chouraqui ; translated from the French by Michael M. Bernet. 
260 |a New York :  |b Atheneum,  |c 1973, c1968. 
300 |a xxii, 376 p. ;  |c 21 cm. 
490 0 |a A Temple book 
500 |a Includes index. 
504 |a Bibliography: p. [362]-364. 
650 0 |a Jews  |z Africa, North  |x History. 
651 0 |a Africa, North  |x History. 
852 8 |b CARM  |h A2:AD19H0  |i B05992  |p 0283810  |f BK 
999 f f |i 5a3fcf19-6b93-5baa-95d8-05100e43da6d  |s 54e4a398-4500-5a67-bdb0-f4b3363df337 
952 f f |p Can circulate  |a CAVAL  |b CAVAL  |c CAVAL  |d CARM 1 Store  |e B05992  |f A2:AD19H0  |h Other scheme  |i book  |m 0283810